Claudius the god and his wife Messalina /

Bibliographic Details
Main Author: Graves, Robert, 1895-1985
Format: Book
Language:English
Published: New York : Vintage Books, 1989.
Edition:Vintage international ed.
Subjects:

MARC

Tag First Indicator Second Indicator Subfields
LEADER 00000cam a2200000 a 4500
001 in00001034591
005 20150928153939.0
008 890216r19891935nyuj 000 1 eng
010 |a  89040098  
020 |a 0679725733 :  |c $8.95 
035 |a (OCoLC)19811467 
035 |9 AFH6719AM 
040 |a DLC  |c DLC  |d UtOrBLW 
043 |a e------  |a ff-----  |a aw----- 
049 |a TXAM 
050 0 0 |a PR6013.R35  |b C6 1989 
082 0 0 |a 823/.912  |2 20 
100 1 |a Graves, Robert,  |d 1895-1985. 
245 1 0 |a Claudius the god and his wife Messalina /  |c by Robert Graves. 
250 |a Vintage international ed. 
264 1 |a New York :  |b Vintage Books,  |c 1989. 
300 |a viii, 533 pages :  |b genealogical tables ;  |c 21 cm. 
336 |a text  |b txt  |2 rdacontent 
337 |a unmediated  |b n  |2 rdamedia 
338 |a volume  |b nc  |2 rdacarrier 
500 |a "The troublesome reign of Tiberius Claudius Caesar, emperor of the Romans (born 10 B.C., died A.D. 54), as described by himself; also his murder at the hands of the notorious Agrippina (mother of the Emperor Nero) and his subsequent deification, as described by others." 
600 0 0 |a Claudius,  |c Emperor of Rome,  |d 10 B.C.-54 A.D.  |x Fiction. 
651 0 |a Rome  |x History  |y Claudius, 41-54  |x Fiction. 
600 1 0 |a Messalina, Valeria,  |d -48  |x Fiction. 
999 |a MARS 
999 f f |s a19ac106-6984-3ef0-9105-aeb7def43036  |i c8b65910-69dd-3c18-a9cf-1312c63512a4  |t 0 
952 f f |p normal  |a Texas A&M University  |b College Station  |c Sterling C. Evans Library  |d Evans: Library Stacks  |t 0  |e PR6013.R35 C6 1989  |h Library of Congress classification  |i unmediated -- volume  |m A14814742027 
998 f f |a PR6013.R35 C6 1989  |t 0  |l Evans: Library Stacks